| 000 | 01284naa a22003257a 4500 | ||
|---|---|---|---|
| 001 | BR7908050 | ||
| 003 | BR-BrBNA | ||
| 005 | 20240918174518.0 | ||
| 007 | ta | ||
| 008 | 230509b bl.||||| |||| 00| 0 por d | ||
| 040 |
_aBR-BrBNA _bpor _cBiblioteca Nacional de Agricultura |
||
| 041 | _a(Pt) | ||
| 072 |
_aL30; L36 _b5214 _b8959 |
||
| 090 | _aL30 BR7908050 | ||
| 100 | 1 | _aGomide, J.A. | |
| 111 | 1 |
_a2. Simposio sobre Pecuaria Leiteira _cSao Jose dos Campos, SP (Brazil) _d27-29 Nov 1979 |
|
| 245 | 1 | _aOs volumosos na alimentacao de vacas leiteiras [suplemento alimentar] | |
| 260 | 3 |
_aCampinas, SP (Brasil): _c1979. |
|
| 500 | _aLucci, C. de S.; Moura, J.C. de; Santos, J.M. dos (eds.) Anais do 2. Simposio sobre Pecuaria Leiteira Campinas, SP (Brasil): 1979. p. 44-65 (BR7908050-AM)L30 | ||
| 650 | _aGADO LEITEIRO | ||
| 650 | _aEXIGENCIA NUTRICIONAL | ||
| 650 | _aSUPLEMENTO ENERGETICO | ||
| 650 | _aPASTEJO | ||
| 650 | _aVALOR NUTRITIVO | ||
| 650 | _aCONSUMO | ||
| 650 | _aVOLUMOSOS | ||
| 773 | 0 |
_tAnais do 2. Simposio sobre Pecuaria Leiteira _aLucci, C. de S.; Moura, J.C. de; Santos, J.M. dos (eds.). Fundacao Cargill, Campinas, SP (Brasil) _wL30 BR7908050 _gCampinas, SP (Brasil), 1979. p. 44-65 |
|
| 909 |
_a202404 _bLucia _c55 _dLucia Elande |
||
| 942 |
_cAM _2AGRIS |
||
| 999 |
_c311702 _d311702 |
||